Maternità in esilio (Record n. 210176)

Dettagli MARC
000 -LEADER
fixed length control field 02222nam a2200229Ia 4500
001 - CONTROL NUMBER
control field b6827-48928
003 - CONTROL NUMBER IDENTIFIER
control field IT-MiCISF
008 - FIXED-LENGTH DATA ELEMENTS--GENERAL INFORMATION
fixed length control field 161014s9999||||xx |||||||||||||| ||und||
040 ## - CATALOGING SOURCE
Original cataloging agency IT-MiCISF
Transcribing agency IT-MiCISF
041 ## - LANGUAGE CODE
Language code of text/sound track or separate title it
999 ## - SYSTEM CONTROL NUMBERS (KOHA)
Koha Dewey Subclass [OBSOLETE] si
100 ## - MAIN ENTRY--PERSONAL NAME
Personal name Moro Marie Rose (a cura di)
245 #0 - TITLE STATEMENT
Title Maternità in esilio
Remainder of title Bambini e migrazioni
250 ## - EDITION STATEMENT
Edition statement 1a ed.
260 ## - PUBLICATION, DISTRIBUTION, ETC. (IMPRINT)
Place of publication, distribution, etc. Milano
Name of publisher, distributor, etc. Raffaello Cortina
Date of publication, distribution, etc. 2010 [Edizione originale: 2008]
300 ## - PHYSICAL DESCRIPTION
Extent pp. XXV-179
500 ## - GENERAL NOTE
General note Edizione italiana a cura di Di Vita A.M., Mestre C., Moro M.R., Neuman D., Real I., Serbandini N., Ayosso J., Ferradji T., Abdelhak M.A., Scognamiglio B., Herry K., Genot M., Lachal C. / genitorialità, famiglia-migranti, gravidanza, parto, terapia-familiare, consulenza, esperienze, rapporti-familiari, rapporti-intergenerazionali, nascita, cultura / Se guardiamo alla realtà dell'immigrazione con empatia e consapevolezza, la "società multiculturale" non appare una condizione ideale di integrazione fra genti di colore diverso, nè si riduce a uno slogan ideologico pervaso di vuoto ottimismo. Così, per esempio, i bambini "venuti da altrove", ma destinati a crescere fianco a fianco con i nostri figli, ci obbligano a pensare e ad agire in una prospettiva diversa da quella evocata da certe immagini patinate proposte dai media. E' questa la sollecitazione contenuta nelle analisidegli AA., elaborate a partire dal confronto con l'impervia realtà multiculturale di una periferia. Gravidanza, parto, messa in atto di interazioni precoci e costruzione della genitorialità sono atti profondamente intimi, ma anche atti medici, sociali e culturali: le strategie di accoglienza, prevenzione e cura inerenti al periodo perinatale vanno dunque elaborate in un'ottica di concreto sostegno. Per questa ragione, il libro aspira a sensibilizzare e a formare gli specialisti dell'infanzia, gli operatori della giustizia, gli insegnanti, gli studenti e tutti coloro che credono nell'impegno a favore degli strati più vulnerabili della nostra società.
650 ## - SUBJECT ADDED ENTRY--TOPICAL TERM
Topical term or geographic name as entry element Genitorialità e problemi educativi / genitorialità
Relator term 004
700 ## - ADDED ENTRY--PERSONAL NAME
Personal name Neuman Dominique (a cura di)
700 ## - ADDED ENTRY--PERSONAL NAME
Personal name Real Isabelle (a cura di)
942 ## - ADDED ENTRY ELEMENTS (KOHA)
Koha item type LIBRO
957 ## -
-- 1
999 ## - SYSTEM CONTROL NUMBERS (KOHA)
-- 1
Dati di copia
Withdrawn status Lost status Damaged status Not for loan Home library Current library Date acquired Total Checkouts Full call number Date last seen Price effective from Koha item type Public note
    Buone Condizioni Not For Loan CISF - Milano CISF - Milano 14/10/2016   b6827-48928 14/10/2016 14/10/2016 LIBRO Data import 15.10.2016 / by Epidotti, Vaglietti
CREDITS: SOCIETA' SAN PAOLO Via A.Severo, 58 - ROMA (RM) & PERIODICI SAN PAOLO SRL Via Giotto, 36 MILANO & CISF Via Giotto, 36 MILANO & EDIZIONI SAN PAOLO SRL,  Piazza Soncino, 5 CINISELLO BALSAMO (MI) -- ITALY